| 000 | 01117nam a2200349 a 4500 | ||
|---|---|---|---|
| 999 |
_c23975 _d23975 |
||
| 001 | MED00134453 | ||
| 005 | 20251024081233.0 | ||
| 008 | 060106s2005 xr cze|| | ||
| 020 | _a8086861538 | ||
| 040 |
_aABE015 _bcze _dABE015 _eAACR2 _csk |
||
| 041 | 0 | _acze | |
| 044 |
_axr _cCZ |
||
| 072 | 7 |
_xVeřejná správa _a35 _2konspekt |
|
| 080 |
_a35 _2h |
||
| 100 | 1 |
_aSkulová, Soňa, _4aut _d1956- _95109 |
|
| 245 | 1 | 0 |
_aSprávní právo procesní / _cSoňa Skulová ... [et al.] |
| 250 | _a1. vyd. | ||
| 260 |
_aPraha : _bEurolex Bohemia, _c2005 |
||
| 300 | _a279 s. | ||
| 650 | 0 | 7 |
_astátní správa _2czmesh _95110 |
| 650 | 0 | 7 |
_amístní státní správa _2czmesh _95111 |
| 650 | 0 | 7 |
_azákonodárství jako téma _2czmesh _95112 |
| 650 | 0 | 7 |
_aprosazení zákonů _2czmesh _95113 |
| 650 | 0 | 7 |
_aprávní vědy _2czmesh _95114 |
| 650 | 0 | 7 |
_aprávo, zákonodárství _2mednas _95115 |
| 650 | 0 | 7 |
_astátní správa _2mednas _95110 |
| 653 | 0 | _asprávní právo procesní | |
| 653 | 0 | _asprávní řízení | |
| 653 | 0 | _asprávní rozhodnutí | |
| 653 | 0 | _aveřejná správa | |
| 655 | 7 |
_aučebnice _2czmesh _93122 |
|